[Event "9. Forchheimer Sparkassen Open 2010"]
[Site "Forchheim"]
[Date "2010.10.02"]
[Round "2.53"]
[White "Krissmann, Gordana"]
[Black "Kraus, Sebastian"]
[Result "0-1"]
[WhiteElo "1313"]
[BlackElo "1237"]
[PlyCount "100"]
[EventDate "2010.??.??"]
[WhiteTeam "SC-SF 1957 Stockstadt"]
[BlackTeam "SV Puschendorf 1949 e.V."]

1. d4 {[%emt 0:00:00]} d5 {[%emt 0:00:01]} 2. Nf3 {[%emt 0:00:02]} e6 {
[%emt 0:00:01]} 3. Bf4 {[%emt 0:00:02]} Nf6 {[%emt 0:01:38]} 4. e3 {
[%emt 0:00:02]} b6 {[%emt 0:00:01]} 5. Bd3 {[%emt 0:00:02]} c5 {[%emt 0:00:01]}
6. Bb5+ {[%emt 0:00:02]} Bd7 {[%emt 0:00:02]} 7. Bxd7+ {[%emt 0:00:02]} Nbxd7 {
[%emt 0:00:06]} 8. c3 {[%emt 0:00:13]} c4 {[%emt 0:00:02]} 9. Qa4 {
[%emt 0:00:02]} a6 {[%emt 0:00:02]} 10. Ne5 {[%emt 0:00:03]} b5 {[%emt 0:00:01]
} 11. Qc2 {[%emt 0:00:03]} Nxe5 {[%emt 0:00:02]} 12. Bxe5 {[%emt 0:00:02]} Bd6
{[%emt 0:00:47]} 13. f4 {[%emt 0:00:03]} O-O {[%emt 0:00:03]} 14. Qe2 {
[%emt 0:00:04]} Ne4 {[%emt 0:00:03]} 15. Nd2 {[%emt 0:00:02]} f6 {
[%emt 0:00:07]} 16. Bxd6 {[%emt 0:00:02]} Nxd6 {[%emt 0:00:02]} 17. O-O {
[%emt 0:00:02]} a5 {[%emt 0:00:02]} 18. e4 {[%emt 0:00:02]} Re8 {[%emt 0:00:02]
} 19. Qf3 {[%emt 0:00:03]} dxe4 {[%emt 0:00:05]} 20. Nxe4 {[%emt 0:00:02]} Nxe4
{[%emt 0:00:02]} 21. Qxe4 {[%emt 0:00:01]} Qd5 {[%emt 0:00:02]} 22. Rae1 {
[%emt 0:00:02]} Rad8 {[%emt 0:00:02]} 23. Qf3 {[%emt 0:00:02]} Re7 {
[%emt 0:00:02]} 24. Qg3 {[%emt 0:00:02]} Qf5 {[%emt 0:00:02]} 25. Rf2 {
[%emt 0:00:02]} Qd5 {[%emt 0:00:02]} 26. Rfe2 {[%emt 0:00:02]} Rde8 {
[%emt 0:00:04]} 27. Re4 {[%emt 0:00:03]} b4 {[%emt 0:00:02]} 28. h4 {
[%emt 0:00:02]} Qb5 {[%emt 0:00:02]} 29. R4e2 {[%emt 0:00:26]} Qb6 {
[%emt 0:00:03]} 30. h5 {[%emt 0:00:02]} h6 {[%emt 0:00:02]} 31. Qg6 {
[%emt 0:00:15]} a4 {[%emt 0:00:04]} 32. Qc2 {[%emt 0:00:03]} b3 {[%emt 0:00:02]
} 33. axb3 {[%emt 0:00:02]} cxb3 {[%emt 0:00:03]} 34. Qc1 {[%emt 0:00:14]} Qb5
{[%emt 0:00:01]} 35. g4 {[%emt 0:00:02]} Kf7 {[%emt 0:00:02]} 36. Qb1 {
[%emt 0:00:02]} e5 {[%emt 0:00:02]} 37. Qg6+ {[%emt 0:00:03]} Kf8 {
[%emt 0:00:01]} 38. Qf5 {[%emt 0:00:02]} a3 {[%emt 0:00:01]} 39. Kh2 {
[%emt 0:00:02]} a2 {[%emt 0:00:01]} 40. fxe5 {[%emt 0:00:11]} a1=Q {
[%emt 0:00:15]} 41. Qh7 {[%emt 0:00:25]} Qxe1 {[%emt 0:00:03]} 42. Rxe1 {
[%emt 0:00:03]} fxe5 {[%emt 0:00:02]} 43. Rf1+ {[%emt 0:00:03]} Qxf1 {
[%emt 0:00:03]} 44. Qh8+ {[%emt 0:00:08]} Kf7 {[%emt 0:00:02]} 45. Qh7 {
[%emt 0:00:02]} Qe2+ {[%emt 0:00:02]} 46. Kg3 {[%emt 0:00:02]} Re6 {
[%emt 0:00:06]} 47. Qf5+ {[%emt 0:00:05]} Kg8 {[%emt 0:00:02]} 48. d5 {
[%emt 0:00:05]} Rf6 {[%emt 0:00:02]} 49. Qd7 {[%emt 0:00:03]} Ref8 {
[%emt 0:00:02]} 50. g5 {[%emt 0:00:02]} Rf3+ {[%emt 0:00:01]} 0-1

[Event "9. Forchheimer Sparkassen Open 2010"]
[Site "Forchheim"]
[Date "2010.10.02"]
[Round "2.54"]
[White "Gründel, Josef"]
[Black "Kunkel, Heinrich"]
[Result "1-0"]
[WhiteElo "1306"]
[BlackElo "1206"]
[PlyCount "61"]
[EventDate "2010.??.??"]
[WhiteTeam "SC Forchheim e.V."]
[BlackTeam "TuS 1863 Aschaffenb.Damm"]

1. e4 {[%emt 0:00:00]} e5 {[%emt 0:00:02]} 2. f4 {[%emt 0:00:02]} d6 {
[%emt 0:00:01]} 3. Bc4 {[%emt 0:00:07]} Nf6 {[%emt 0:00:01]} 4. Nc3 {
[%emt 0:00:02]} c6 {[%emt 0:00:01]} 5. fxe5 {[%emt 0:00:03]} Nxe4 {
[%emt 0:00:02]} 6. Bxf7+ {[%emt 0:00:02]} Kxf7 {[%emt 0:00:03]} 7. Qf3+ {
[%emt 0:00:04]} Ke8 {[%emt 0:00:02]} 8. Qxe4 {[%emt 0:00:15]} d5 {
[%emt 0:00:01]} 9. Qf4 {[%emt 0:00:03]} Qe7 {[%emt 0:00:02]} 10. d4 {
[%emt 0:00:06]} Nd7 {[%emt 0:00:03]} 11. Nf3 {[%emt 0:00:02]} Nf6 {
[%emt 0:00:08]} 12. g4 {[%emt 0:00:04]} Bxg4 {[%emt 0:00:03]} 13. h3 {
[%emt 0:00:02]} Bxf3 {[%emt 0:00:01]} 14. Qxf3 {[%emt 0:00:01]} Nd7 {
[%emt 0:00:02]} 15. Bf4 {[%emt 0:00:03]} Qh4+ {[%emt 0:00:02]} 16. Kd2 {
[%emt 0:00:03]} Nb6 {[%emt 0:00:02]} 17. b3 {[%emt 0:00:03]} g6 {[%emt 0:00:04]
} 18. Rhg1 {[%emt 0:00:03]} Bh6 {[%emt 0:00:02]} 19. Ne2 {[%emt 0:00:03]} Bf8 {
[%emt 0:00:03]} 20. Bg5 {[%emt 0:00:03]} Bh6 {[%emt 0:00:02]} 21. Qf6 {
[%emt 0:00:05]} Bxg5+ {[%emt 0:00:05]} 22. Rxg5 {[%emt 0:00:02]} Rf8 {
[%emt 0:00:02]} 23. Qe6+ {[%emt 0:00:02]} Kd8 {[%emt 0:00:01]} 24. Rag1 {
[%emt 0:00:11]} Qh6 {[%emt 0:00:02]} 25. Ke1 {[%emt 0:00:02]} Qg7 {
[%emt 0:00:02]} 26. Qd6+ {[%emt 0:00:03]} Ke8 {[%emt 0:00:02]} 27. Rxg6 {
[%emt 0:00:02]} hxg6 {[%emt 0:00:03]} 28. Rxg6 {[%emt 0:00:02]} Qh8 {
[%emt 0:00:03]} 29. Re6+ {[%emt 0:00:01]} Kf7 {[%emt 0:00:02]} 30. Re7+ {
[%emt 0:00:01]} Kg8 {[%emt 0:00:01]} 31. Qg6+ {[%emt 0:00:02]} 1-0

[Event "9. Forchheimer Sparkassen Open 2010"]
[Site "Forchheim"]
[Date "2010.10.02"]
[Round "2.55"]
[White "Wichmann, Jörg"]
[Black "Alka, Kurt"]
[Result "1-0"]
[WhiteElo "1208"]
[BlackElo "1303"]
[PlyCount "77"]
[EventDate "2010.??.??"]
[WhiteTeam "TSV Untersiemau"]
[BlackTeam "SC Erlangen 48/88"]

1. e4 {[%emt 0:00:00]} c5 {[%emt 0:00:01]} 2. c3 {[%emt 0:00:02]} Nc6 {
[%emt 0:00:01]} 3. d4 {[%emt 0:00:19]} cxd4 {[%emt 0:00:01]} 4. cxd4 {
[%emt 0:00:01]} d5 {[%emt 0:00:03]} 5. e5 {[%emt 0:00:01]} Bf5 {[%emt 0:00:01]}
6. Nc3 {[%emt 0:00:02]} a6 {[%emt 0:00:05]} 7. Nf3 {[%emt 0:00:02]} h6 {
[%emt 0:00:01]} 8. Be2 {[%emt 0:00:02]} e6 {[%emt 0:00:01]} 9. O-O {
[%emt 0:00:02]} Bb4 {[%emt 0:00:02]} 10. a3 {[%emt 0:00:02]} Bxc3 {
[%emt 0:00:02]} 11. bxc3 {[%emt 0:00:05]} b5 {[%emt 0:00:02]} 12. Bd2 {
[%emt 0:00:02]} Nge7 {[%emt 0:00:02]} 13. a4 {[%emt 0:00:05]} bxa4 {
[%emt 0:00:01]} 14. Rxa4 {[%emt 0:00:02]} a5 {[%emt 0:00:01]} 15. Bb5 {
[%emt 0:00:02]} O-O {[%emt 0:00:03]} 16. Nh4 {[%emt 0:00:02]} Bh7 {
[%emt 0:00:02]} 17. Qg4 {[%emt 0:00:02]} Rb8 {[%emt 0:00:02]} 18. Bxc6 {
[%emt 0:00:02]} Nxc6 {[%emt 0:00:01]} 19. Bxh6 {[%emt 0:00:05]} Bg6 {
[%emt 0:00:03]} 20. Nxg6 {[%emt 0:00:02]} fxg6 {[%emt 0:00:01]} 21. Qxe6+ {
[%emt 0:00:03]} Rf7 {[%emt 0:00:01]} 22. Qxc6 {[%emt 0:00:02]} gxh6 {
[%emt 0:00:27]} 23. Qxg6+ {[%emt 0:00:03]} Rg7 {[%emt 0:00:02]} 24. Qxh6 {
[%emt 0:00:01]} Rh7 {[%emt 0:00:01]} 25. Qe6+ {[%emt 0:00:02]} Kh8 {
[%emt 0:00:02]} 26. Qf6+ {[%emt 0:00:03]} Kg8 {[%emt 0:00:05]} 27. Qxd8+ {
[%emt 0:00:01]} Rxd8 {[%emt 0:00:01]} 28. Rxa5 {[%emt 0:00:02]} Rc7 {
[%emt 0:00:02]} 29. Rc5 {[%emt 0:00:04]} Rxc5 {[%emt 0:00:02]} 30. dxc5 {
[%emt 0:00:01]} Rc8 {[%emt 0:00:03]} 31. f4 {[%emt 0:00:02]} Rxc5 {
[%emt 0:00:03]} 32. Rd1 {[%emt 0:00:07]} Kf7 {[%emt 0:00:02]} 33. g3 {
[%emt 0:00:04]} Ke6 {[%emt 0:00:01]} 34. Rd3 {[%emt 0:00:02]} Kf5 {
[%emt 0:00:02]} 35. Kf2 {[%emt 0:00:02]} Rb5 {[%emt 0:00:02]} 36. h3 {
[%emt 0:00:02]} Rb2+ {[%emt 0:00:02]} 37. Kf3 {[%emt 0:00:01]} Ke6 {
[%emt 0:00:23]} 38. Kg4 {[%emt 0:00:02]} Re2 {[%emt 0:00:05]} 39. h4 {
[%emt 0:00:03]} 1-0

[Event "9. Forchheimer Sparkassen Open 2010"]
[Site "Forchheim"]
[Date "2010.10.02"]
[Round "2.56"]
[White "Sammer, Fabian"]
[Black "Buhl, Eberhard"]
[Result "1-0"]
[WhiteElo "1267"]
[BlackElo "1186"]
[PlyCount "53"]
[EventDate "2010.??.??"]
[WhiteTeam "SV Puschendorf 1949 e.V."]
[BlackTeam "SC Forchheim e.V."]

1. e4 {[%emt 0:00:00]} c5 {[%emt 0:00:02]} 2. Nf3 {[%emt 0:00:04]} Nf6 {
[%emt 0:00:02]} 3. Nc3 {[%emt 0:00:02]} d6 {[%emt 0:00:01]} 4. Bc4 {
[%emt 0:00:02]} Bg4 {[%emt 0:00:02]} 5. h3 {[%emt 0:00:02]} Bh5 {[%emt 0:00:00]
} 6. d3 {[%emt 0:00:07]} Qa5 {[%emt 0:00:02]} 7. Bd2 {[%emt 0:00:02]} Qb6 {
[%emt 0:00:01]} 8. Rb1 {[%emt 0:00:02]} e6 {[%emt 0:00:02]} 9. g4 {
[%emt 0:00:01]} Bg6 {[%emt 0:00:01]} 10. Nh4 {[%emt 0:00:02]} Be7 {
[%emt 0:00:01]} 11. f4 {[%emt 0:00:02]} O-O {[%emt 0:00:04]} 12. f5 {
[%emt 0:00:02]} exf5 {[%emt 0:00:03]} 13. exf5 {[%emt 0:00:06]} Ne8 {
[%emt 0:00:09]} 14. Nf3 {[%emt 0:00:04]} Qd8 {[%emt 0:00:03]} 15. fxg6 {
[%emt 0:00:00]} Bh4+ {[%emt 0:00:24]} 16. Kf1 {[%emt 0:00:03]} hxg6 {
[%emt 0:00:08]} 17. Qe2 {[%emt 0:00:01]} Be7 {[%emt 0:00:02]} 18. Kg2 {
[%emt 0:00:02]} Kh7 {[%emt 0:00:02]} 19. h4 {[%emt 0:00:02]} f5 {[%emt 0:00:02]
} 20. Ng5+ {[%emt 0:00:02]} Kh8 {[%emt 0:00:02]} 21. Nf7+ {[%emt 0:00:02]} Rxf7
{[%emt 0:00:01]} 22. Bxf7 {[%emt 0:00:02]} Nf6 {[%emt 0:00:02]} 23. gxf5 {
[%emt 0:00:06]} Nh5 {[%emt 0:00:01]} 24. fxg6 {[%emt 0:00:09]} Nf6 {
[%emt 0:00:02]} 25. Bg5 {[%emt 0:00:03]} Nc6 {[%emt 0:00:02]} 26. Bxf6 {
[%emt 0:00:02]} Bxf6 {[%emt 0:00:01]} 27. Qh5# {[%emt 0:00:04]} 1-0

[Event "9. Forchheimer Sparkassen Open 2010"]
[Site "Forchheim"]
[Date "2010.10.02"]
[Round "2.57"]
[White "Gebhardt, Andreas"]
[Black "Wichmann, Adrian"]
[Result "0-1"]
[WhiteElo "1150"]
[BlackElo "1265"]
[PlyCount "106"]
[EventDate "2010.??.??"]
[WhiteTeam "TSV Kirchehrenbach"]
[BlackTeam "SV Seubelsdorf"]

1. e4 {[%emt 0:00:00]} e6 {[%emt 0:00:01]} 2. Bc4 {[%emt 0:00:02]} d5 {
[%emt 0:00:01]} 3. exd5 {[%emt 0:00:03]} exd5 {[%emt 0:00:01]} 4. Qe2+ {
[%emt 0:00:03]} Be7 {[%emt 0:00:01]} 5. Qe5 {[%emt 0:00:57]} dxc4 {
[%emt 0:00:01]} 6. Qxg7 {[%emt 0:00:03]} Bf6 {[%emt 0:00:01]} 7. Qg3 {
[%emt 0:00:01]} Nc6 {[%emt 0:00:01]} 8. Ne2 {[%emt 0:00:04]} Qe7 {
[%emt 0:00:02]} 9. Qe3 {[%emt 0:00:02]} Be6 {[%emt 0:00:02]} 10. O-O {
[%emt 0:00:02]} Rd8 {[%emt 0:00:02]} 11. Nbc3 {[%emt 0:00:02]} Bxc3 {
[%emt 0:00:02]} 12. Qxc3 {[%emt 0:00:02]} Qf6 {[%emt 0:00:02]} 13. b3 {
[%emt 0:00:06]} cxb3 {[%emt 0:00:01]} 14. axb3 {[%emt 0:00:00]} Bd5 {
[%emt 0:00:08]} 15. Bb2 {[%emt 0:00:01]} Qxc3 {[%emt 0:00:03]} 16. Bxc3 {
[%emt 0:00:01]} f6 {[%emt 0:00:04]} 17. Rfe1 {[%emt 0:00:02]} Kf7 {
[%emt 0:00:02]} 18. Nf4 {[%emt 0:00:01]} Nh6 {[%emt 0:00:03]} 19. Nh5 {
[%emt 0:00:02]} Rhg8 {[%emt 0:00:01]} 20. g3 {[%emt 0:00:02]} Rg6 {
[%emt 0:00:00]} 21. Bd4 {[%emt 0:00:02]} Nxd4 {[%emt 0:00:02]} 22. Rxa7 {
[%emt 0:00:01]} Nf3+ {[%emt 0:00:01]} 23. Kf1 {[%emt 0:00:01]} Nxh2+ {
[%emt 0:00:02]} 24. Ke2 {[%emt 0:00:02]} Re8+ {[%emt 0:00:02]} 25. Kd1 {
[%emt 0:00:02]} Bf3+ {[%emt 0:00:02]} 26. Kc1 {[%emt 0:00:02]} Rxe1+ {
[%emt 0:00:00]} 27. Kb2 {[%emt 0:00:02]} Bxh5 {[%emt 0:00:02]} 28. d4 {
[%emt 0:00:02]} Rd1 {[%emt 0:00:10]} 29. Rxb7 {[%emt 0:00:02]} Rxd4 {
[%emt 0:00:02]} 30. Rxc7+ {[%emt 0:00:02]} Kg8 {[%emt 0:00:02]} 31. Rc8+ {
[%emt 0:00:03]} Kg7 {[%emt 0:00:04]} 32. Rc7+ {[%emt 0:00:02]} Kh8 {
[%emt 0:00:01]} 33. Rc8+ {[%emt 0:00:03]} Rg8 {[%emt 0:00:02]} 34. Rxg8+ {
[%emt 0:00:03]} Kxg8 {[%emt 0:00:02]} 35. c3 {[%emt 0:00:02]} Rd8 {
[%emt 0:00:02]} 36. f3 {[%emt 0:00:02]} Nxf3 {[%emt 0:00:02]} 37. g4 {
[%emt 0:00:01]} Nxg4 {[%emt 0:00:02]} 38. c4 {[%emt 0:00:02]} Nd2 {
[%emt 0:00:02]} 39. Ka3 {[%emt 0:00:02]} Nxb3 {[%emt 0:00:01]} 40. Kxb3 {
[%emt 0:00:01]} Ne3 {[%emt 0:00:03]} 41. Kb4 {[%emt 0:00:02]} Nxc4 {
[%emt 0:00:01]} 42. Kxc4 {[%emt 0:00:03]} Kf7 {[%emt 0:00:01]} 43. Kc3 {
[%emt 0:00:02]} Ke6 {[%emt 0:00:07]} 44. Kc2 {[%emt 0:00:10]} Rd4 {
[%emt 0:00:02]} 45. Kc1 {[%emt 0:00:02]} Rd3 {[%emt 0:00:01]} 46. Kc2 {
[%emt 0:00:02]} Bg6 {[%emt 0:00:01]} 47. Kc1 {[%emt 0:00:02]} f5 {
[%emt 0:00:02]} 48. Kc2 {[%emt 0:00:02]} f4 {[%emt 0:00:01]} 49. Kb2 {
[%emt 0:00:02]} f3 {[%emt 0:00:01]} 50. Kc2 {[%emt 0:00:02]} f2 {[%emt 0:00:01]
} 51. Kc1 {[%emt 0:00:01]} f1=Q+ {[%emt 0:00:02]} 52. Kc2 {[%emt 0:00:02]} Qe2+
{[%emt 0:00:01]} 53. Kc1 {[%emt 0:00:01]} Rd1# {[%emt 0:00:02]} 0-1

[Event "9. Forchheimer Sparkassen Open 2010"]
[Site "Forchheim"]
[Date "2010.10.02"]
[Round "2.58"]
[White "Tong, Kevin"]
[Black "Pötzl, Alexander"]
[Result "1-0"]
[WhiteElo "1261"]
[BlackElo "1150"]
[PlyCount "45"]
[EventDate "2010.??.??"]
[WhiteTeam "SC Erlangen 48/88"]
[BlackTeam "TSV Kirchehrenbach"]

1. e4 {[%emt 0:00:00]} c5 {[%emt 0:00:08]} 2. Nf3 {[%emt 0:00:03]} Nc6 {
[%emt 0:00:02]} 3. d4 {[%emt 0:00:02]} d5 {[%emt 0:00:06]} 4. exd5 {
[%emt 0:00:02]} Qxd5 {[%emt 0:00:02]} 5. Nc3 {[%emt 0:00:02]} Qe6+ {
[%emt 0:00:00]} 6. Be2 {[%emt 0:00:01]} Qf5 {[%emt 0:00:02]} 7. O-O {
[%emt 0:00:02]} e5 {[%emt 0:00:02]} 8. Bd3 {[%emt 0:00:02]} Qf6 {[%emt 0:00:01]
} 9. dxe5 {[%emt 0:00:02]} Nxe5 {[%emt 0:00:02]} 10. Nxe5 {[%emt 0:00:01]} Qxe5
{[%emt 0:00:01]} 11. Re1 {[%emt 0:00:01]} Qxe1+ {[%emt 0:00:01]} 12. Qxe1+ {
[%emt 0:00:01]} Be6 {[%emt 0:00:06]} 13. Bb5+ {[%emt 0:00:02]} Kd8 {
[%emt 0:00:04]} 14. Bg5+ {[%emt 0:00:01]} Be7 {[%emt 0:00:03]} 15. Rd1+ {
[%emt 0:00:03]} Kc7 {[%emt 0:00:02]} 16. Bf4+ {[%emt 0:00:02]} Kb6 {
[%emt 0:00:01]} 17. b4 {[%emt 0:00:49]} Rc8 {[%emt 0:00:03]} 18. Rb1 {
[%emt 0:00:02]} cxb4 {[%emt 0:00:02]} 19. Be3+ {[%emt 0:00:03]} Ka5 {
[%emt 0:00:15]} 20. Bd3 {[%emt 0:00:03]} bxc3 {[%emt 0:00:04]} 21. Rxb7 {
[%emt 0:00:02]} Bc5 {[%emt 0:00:02]} 22. Qxc3+ {[%emt 0:00:02]} Bb4 {
[%emt 0:00:01]} 23. Rxa7# {[%emt 0:00:02]} 1-0

[Event "9. Forchheimer Sparkassen Open 2010"]
[Site "Forchheim"]
[Date "2010.10.02"]
[Round "2.59"]
[White "Meier, Hans"]
[Black "Veitl, Rudolf"]
[Result "0-1"]
[WhiteElo "1095"]
[BlackElo "1261"]
[PlyCount "98"]
[EventDate "2010.??.??"]
[WhiteTeam "SV Aham"]
[BlackTeam "SV Deggendorf"]

1. e4 {[%emt 0:00:00]} e5 {[%emt 0:00:04]} 2. Nf3 {[%emt 0:00:01]} Nf6 {
[%emt 0:00:01]} 3. Nxe5 {[%emt 0:00:02]} Qe7 {[%emt 0:00:01]} 4. d4 {
[%emt 0:00:02]} d6 {[%emt 0:00:01]} 5. Nf3 {[%emt 0:00:02]} Qxe4+ {
[%emt 0:00:01]} 6. Qe2 {[%emt 0:00:02]} Be7 {[%emt 0:00:02]} 7. Nc3 {
[%emt 0:00:02]} Qxe2+ {[%emt 0:00:01]} 8. Bxe2 {[%emt 0:00:02]} O-O {
[%emt 0:00:01]} 9. O-O {[%emt 0:00:02]} c6 {[%emt 0:00:02]} 10. Be3 {
[%emt 0:00:02]} Bg4 {[%emt 0:00:02]} 11. h3 {[%emt 0:00:02]} Bxf3 {
[%emt 0:00:02]} 12. Bxf3 {[%emt 0:00:02]} d5 {[%emt 0:00:01]} 13. Na4 {
[%emt 0:00:02]} Nbd7 {[%emt 0:00:02]} 14. Nc5 {[%emt 0:00:04]} Nxc5 {
[%emt 0:00:02]} 15. dxc5 {[%emt 0:00:05]} Ne4 {[%emt 0:00:02]} 16. b4 {
[%emt 0:00:02]} a5 {[%emt 0:00:02]} 17. a3 {[%emt 0:00:01]} Bf6 {[%emt 0:00:01]
} 18. Rab1 {[%emt 0:00:02]} Nc3 {[%emt 0:00:01]} 19. Rb3 {[%emt 0:00:02]} a4 {
[%emt 0:00:01]} 20. Rxc3 {[%emt 0:00:02]} Bxc3 {[%emt 0:00:01]} 21. Rd1 {
[%emt 0:00:02]} Rfd8 {[%emt 0:00:06]} 22. Bd4 {[%emt 0:00:02]} Bxd4 {
[%emt 0:00:02]} 23. Rxd4 {[%emt 0:00:01]} Re8 {[%emt 0:00:04]} 24. Kf1 {
[%emt 0:00:02]} Re5 {[%emt 0:00:02]} 25. c3 {[%emt 0:00:02]} Rae8 {
[%emt 0:00:02]} 26. Rd1 {[%emt 0:00:02]} g6 {[%emt 0:00:02]} 27. Rb1 {
[%emt 0:00:02]} Kg7 {[%emt 0:00:01]} 28. Rd1 {[%emt 0:00:02]} h5 {
[%emt 0:00:04]} 29. Rb1 {[%emt 0:00:04]} Kh6 {[%emt 0:00:06]} 30. Rd1 {
[%emt 0:00:06]} f5 {[%emt 0:00:03]} 31. Rb1 {[%emt 0:00:02]} g5 {[%emt 0:00:01]
} 32. g4 {[%emt 0:00:02]} hxg4 {[%emt 0:00:02]} 33. hxg4 {[%emt 0:00:01]} fxg4
{[%emt 0:00:02]} 34. Bxg4 {[%emt 0:00:01]} Re4 {[%emt 0:00:02]} 35. Bf3 {
[%emt 0:00:02]} Rf4 {[%emt 0:00:01]} 36. Bg2 {[%emt 0:00:02]} Ref8 {
[%emt 0:00:02]} 37. Rb2 {[%emt 0:00:01]} g4 {[%emt 0:00:01]} 38. Re2 {
[%emt 0:00:02]} R8f6 {[%emt 0:00:05]} 39. Bh1 {[%emt 0:00:03]} Kg5 {
[%emt 0:00:01]} 40. Bg2 {[%emt 0:00:02]} Rf7 {[%emt 0:00:01]} 41. Kg1 {
[%emt 0:00:03]} Kf5 {[%emt 0:00:02]} 42. Kf1 {[%emt 0:00:03]} d4 {
[%emt 0:00:09]} 43. cxd4 {[%emt 0:00:02]} Rxd4 {[%emt 0:00:02]} 44. Ke1 {
[%emt 0:00:02]} Rfd7 {[%emt 0:00:02]} 45. Kf1 {[%emt 0:00:02]} Rd1+ {
[%emt 0:00:01]} 46. Re1 {[%emt 0:00:01]} Rxe1+ {[%emt 0:00:01]} 47. Kxe1 {
[%emt 0:00:01]} Ke5 {[%emt 0:00:01]} 48. Ke2 {[%emt 0:00:02]} Kd4 {
[%emt 0:00:01]} 49. Kd2 {[%emt 0:00:02]} Rf7 {[%emt 0:00:01]} 0-1

[Event "9. Forchheimer Sparkassen Open 2010"]
[Site "Forchheim"]
[Date "2010.10.02"]
[Round "3.2"]
[White "von der Linden, Armin"]
[Black "Siegl, Melina"]
[Result "1-0"]
[WhiteElo "2013"]
[BlackElo "1467"]
[PlyCount "119"]
[EventDate "2010.??.??"]
[WhiteTeam "SF Zeiler Turm"]
[BlackTeam "SW Nürnberg Süd e.V."]

1. d4 f5 2. c4 Nf6 3. Nf3 d6 4. Nbd2 g6 5. Qc2 Bg7 6. b3 O-O 7. Bb2 Qe8 8. e3
Nbd7 9. Be2 e5 10. dxe5 dxe5 11. e4 Nh5 12. g3 b6 13. Nh4 Bb7 14. O-O fxe4 15.
Nxe4 Nhf6 16. Bf3 Nxe4 17. Bxe4 Bxe4 18. Qxe4 Nc5 19. Qe2 Qe6 20. Ba3 Qe7 21.
Rad1 c6 22. Qg4 Rad8 23. Rxd8 Rxd8 24. Rd1 Rxd1+ 25. Qxd1 e4 26. Qe2 Bd4 27.
Nf3 Qd6 28. Nd2 e3 29. fxe3 Qe5 30. Bxc5 Bxc5 31. Nf1 Qe4 32. Kf2 Qf5+ 33. Kg2
Qe4+ 34. Kg1 a5 35. Qd2 Qf3 36. Qd8+ Kg7 37. Qc7+ Kg8 38. Qb8+ Kg7 39. Qe5+ Kg8
40. Qf4 Qxf4 41. gxf4 Kf7 42. Kg2 Bd6 43. Kf3 Ke6 44. e4 Bc5 45. Ne3 h5 46. h3
Be7 47. Nc2 g5 48. Nd4+ Kd7 49. Nf5 Bd8 50. Ng7 h4 51. f5 Kd6 52. Kg4 Ke5 53.
Ne6 Bf6 54. Nxg5 Kd4 55. Nh7 Be7 56. f6 Bd6 57. f7 Kxe4 58. f8=Q Bxf8 59. Nxf8
Kd4 60. Kxh4 1-0

[Event "9. Forchheimer Sparkassen Open 2010"]
[Site "Forchheim"]
[Date "2010.10.02"]
[Round "3.3"]
[White "Dyroff, Roland"]
[Black "Schmidt, Tobias"]
[Result "1-0"]
[WhiteElo "1773"]
[BlackElo "1537"]
[PlyCount "89"]
[EventDate "2010.??.??"]
[WhiteTeam "SW Nürnberg Süd e.V."]
[BlackTeam "SC Tamm 74"]

1. e4 e6 2. d4 d5 3. Nc3 Bb4 4. exd5 exd5 5. Nf3 Bf5 6. Bd3 Ne7 7. O-O O-O 8.
Bxf5 Nxf5 9. Qd3 Bxc3 10. Qxf5 Bb4 11. Bg5 Qd7 12. Qxd7 Nxd7 13. Bf4 c6 14. c3
Be7 15. Rfe1 Rfe8 16. Re2 Bf8 17. Rae1 Nf6 18. h3 h6 19. Nd2 g6 20. Nb3 b6 21.
Rxe8 Nxe8 22. Nc1 Nd6 23. Nd3 Re8 24. Rxe8 Nxe8 25. Bb8 a6 26. Ba7 b5 27. Ne5
Nd6 28. Nxc6 Nc4 29. b3 Nd2 30. Bb6 Ne4 31. Ba5 Bd6 32. f3 Ng3 33. Kf2 Nh5 34.
Bb4 Bf8 35. Nb8 Bxb4 36. cxb4 Nf4 37. Nxa6 Nd3+ 38. Ke2 Nf4+ 39. Kf2 Nd3+ 40.
Ke3 Ne1 41. a4 Nxg2+ 42. Kd2 Nh4 43. axb5 Nf5 44. b6 Nd6 45. Nc5 1-0

[Event "9. Forchheimer Sparkassen Open 2010"]
[Site "Forchheim"]
[Date "2010.10.02"]
[Round "3.4"]
[White "Schreck, Michael"]
[Black "Wissel, Florian"]
[Result "1/2-1/2"]
[WhiteElo "1837"]
[BlackElo "1452"]
[PlyCount "32"]
[EventDate "2010.??.??"]
[WhiteTeam "TV Faulbach e.V. 1920"]
[BlackTeam "SF Sailauf"]

1. d4 Nf6 2. Nf3 d5 3. e3 e6 4. Bd3 Bd6 5. b3 O-O 6. O-O Nbd7 7. Bb2 b6 8. Ne5
Bxe5 9. dxe5 Ne8 10. Qg4 Bb7 11. Nd2 c5 12. f4 Qe7 13. Rf3 f5 14. Qh3 g6 15. g4
Ng7 16. g5 a6 1/2-1/2

[Event "9. Forchheimer Sparkassen Open 2010"]
[Site "Forchheim"]
[Date "2010.10.02"]
[Round "3.5"]
[White "Forster, Stephan"]
[Black "Schulz, Lukas"]
[Result "1/2-1/2"]
[WhiteElo "1521"]
[BlackElo "1612"]
[PlyCount "25"]
[EventDate "2010.??.??"]
[WhiteTeam "SG Siemens Amberg"]
[BlackTeam "SC Höchstadt/Aisch"]

1. d4 c5 2. Nf3 cxd4 3. Nxd4 Nf6 4. Nc3 d5 5. Bf4 Nc6 6. Nxc6 bxc6 7. e3 Bb7 8.
Bd3 Nd7 9. O-O e5 10. Bg3 e4 11. Be2 f5 12. Na4 Nf6 13. Qd4 1/2-1/2

[Event "9. Forchheimer Sparkassen Open 2010"]
[Site "Forchheim"]
[Date "2010.10.02"]
[Round "3.6"]
[White "Thurnbauer, Alois"]
[Black "Wegmann, Sven"]
[Result "0-1"]
[WhiteElo "1602"]
[BlackElo "1659"]
[PlyCount "64"]
[EventDate "2010.??.??"]
[WhiteTeam "SC Ortenburg 1894 e.V."]
[BlackTeam "SC Erlangen 48/88"]

1. d4 d5 2. e4 e6 3. exd5 exd5 4. Nf3 c5 5. dxc5 Bxc5 6. Bb5+ Nc6 7. Qe2+ Be6
8. Ne5 Nge7 9. O-O O-O 10. Nxc6 Nxc6 11. Bd3 Qc7 12. c3 Bd6 13. f4 d4 14. Bd2
dxc3 15. Nxc3 Rad8 16. Rad1 Nb4 17. Bb1 Bc4 18. Qh5 Bd3 19. Rf3 Bxb1 20. Nxb1
Rfe8 21. Nc3 Bc5+ 22. Kh1 Rxd2 23. Rdf1 Rxb2 24. Na4 Rc2 25. a3 Na6 26. Nxc5
Rxc5 27. f5 Qc6 28. Qg4 Rc1 29. f6 g6 30. Qh4 Re2 31. Qh3 Ree1 32. Kg1 Qc5+ 0-1

[Event "9. Forchheimer Sparkassen Open 2010"]
[Site "Forchheim"]
[Date "2010.10.02"]
[Round "3.7"]
[White "Wegmann, Simon"]
[Black "Pühn, Georg"]
[Result "0-1"]
[WhiteElo "1277"]
[BlackElo "1961"]
[PlyCount "34"]
[EventDate "2010.??.??"]
[WhiteTeam "SC Erlangen 48/88"]
[BlackTeam "SC Noris-Tarrasch Nürnberg 1873"]

1. e4 e5 2. Nf3 Nc6 3. Bb5 Nf6 4. Nc3 Bd6 5. O-O O-O 6. d4 exd4 7. Nxd4 Be5 8.
Be3 a6 9. Nxc6 dxc6 10. Bc4 Ng4 11. h3 Qh4 12. Be2 Nxe3 13. fxe3 Bxh3 14. Rf3
Bg4 15. g3 Bxg3 16. Rxg3 Qxg3+ 17. Kf1 Bh3# 0-1

[Event "9. Forchheimer Sparkassen Open 2010"]
[Site "Forchheim"]
[Date "2010.10.02"]
[Round "3.8"]
[White "Heunemann, Dieter"]
[Black "Götzel, Alfred"]
[Result "0-1"]
[WhiteElo "2153"]
[BlackElo "1952"]
[PlyCount "54"]
[EventDate "2010.??.??"]
[WhiteTeam "SV Jenapharm Jena"]
[BlackTeam "SC Höchstadt/Aisch"]

1. d4 Nf6 2. c4 e5 3. dxe5 Ne4 4. Nf3 Bb4+ 5. Nbd2 Nc6 6. Qc2 Nxd2 7. Bxd2 Qe7
8. Bc3 b6 9. a3 Bxc3+ 10. Qxc3 Bb7 11. e3 O-O-O 12. Bd3 g5 13. Bf5 h5 14. h3 g4
15. hxg4 hxg4 16. Rxh8 Rxh8 17. Ng1 Rh1 18. O-O-O Nxe5 19. Qd4 Bxg2 20. Bxg4 c5
21. Qd2 Nxg4 22. f3 Bxf3 23. Nxf3 Rxd1+ 24. Kxd1 Nxe3+ 25. Kc1 Nxc4 26. Qd5
Qe3+ 27. Kb1 Qxf3 0-1